<?xml version="1.0" encoding="UTF-8"?>
<record
    xmlns:xsi="http://www.w3.org/2001/XMLSchema-instance"
    xsi:schemaLocation="http://www.loc.gov/MARC21/slim http://www.loc.gov/standards/marcxml/schema/MARC21slim.xsd"
    xmlns="http://www.loc.gov/MARC21/slim">

  <leader>00884nam a22002177a 4500</leader>
  <controlfield tag="003">OSt</controlfield>
  <controlfield tag="005">20171127171739.0</controlfield>
  <controlfield tag="008">171127t2017    xxu|||||||||| 0|0 | spa|d</controlfield>
  <datafield tag="020" ind1=" " ind2=" ">
    <subfield code="a">9781544822792</subfield>
  </datafield>
  <datafield tag="040" ind1=" " ind2=" ">
    <subfield code="a">ES-BaUIC</subfield>
    <subfield code="b">cat</subfield>
    <subfield code="c">CDMR</subfield>
  </datafield>
  <datafield tag="100" ind1="1" ind2=" ">
    <subfield code="a">Nafr&#xED;a, Ismael</subfield>
    <subfield code="9">3255</subfield>
    <subfield code="d">1968-</subfield>
  </datafield>
  <datafield tag="245" ind1="1" ind2="3">
    <subfield code="a">La reinvenci&#xF3;n de The New York Times </subfield>
    <subfield code="c">/ Ismael Nafr&#xED;a</subfield>
  </datafield>
  <datafield tag="260" ind1=" " ind2=" ">
    <subfield code="a">[Lloc de publicaci&#xF3; no identificat] :</subfield>
    <subfield code="b">CreateSpace, An Amazon.com</subfield>
    <subfield code="c">2017</subfield>
  </datafield>
  <datafield tag="300" ind1=" " ind2=" ">
    <subfield code="a">X, 467 p&#xE0;gines :</subfield>
    <subfield code="b">il&#xB7;lustracions;</subfield>
    <subfield code="c">25 cm</subfield>
  </datafield>
  <datafield tag="500" ind1=" " ind2=" ">
    <subfield code="a">"Este libro ha sido posible gracias al apoyo del Centro Knight para el Periodismo en las Am&#xE9;ricas de la Universidad de Texas en Austin"</subfield>
  </datafield>
  <datafield tag="500" ind1=" " ind2=" ">
    <subfield code="a">Dedicat&#xF2;ria de l'autor</subfield>
  </datafield>
  <datafield tag="610" ind1="2" ind2="4">
    <subfield code="a">New York Times (Diari)</subfield>
    <subfield code="c">(Diari) </subfield>
    <subfield code="9">4099</subfield>
  </datafield>
  <datafield tag="650" ind1="0" ind2="7">
    <subfield code="a">Premsa</subfield>
    <subfield code="z">Estats Units d'Am&#xE8;rica</subfield>
    <subfield code="2">lemac</subfield>
    <subfield code="9">257</subfield>
  </datafield>
  <datafield tag="650" ind1=" " ind2="7">
    <subfield code="a">Diaris nord-americans</subfield>
    <subfield code="x">Innovacions tecnol&#xF2;giques</subfield>
    <subfield code="2">lemac</subfield>
  </datafield>
  <datafield tag="942" ind1=" " ind2=" ">
    <subfield code="c">MON</subfield>
  </datafield>
  <datafield tag="999" ind1=" " ind2=" ">
    <subfield code="c">7090</subfield>
    <subfield code="d">7090</subfield>
  </datafield>
  <datafield tag="952" ind1=" " ind2=" ">
    <subfield code="0">0</subfield>
    <subfield code="1">0</subfield>
    <subfield code="4">0</subfield>
    <subfield code="7">0</subfield>
    <subfield code="a">CDMR</subfield>
    <subfield code="b">CDMR</subfield>
    <subfield code="d">2017-11-27</subfield>
    <subfield code="e">Donaci&#xF3;</subfield>
    <subfield code="g">15.66</subfield>
    <subfield code="l">9</subfield>
    <subfield code="m">6</subfield>
    <subfield code="o">Dt 1/15</subfield>
    <subfield code="p">CDMR17111271</subfield>
    <subfield code="r">2021-05-06</subfield>
    <subfield code="s">2021-02-17</subfield>
    <subfield code="v">15.66</subfield>
    <subfield code="w">2017-11-27</subfield>
    <subfield code="y">MON</subfield>
  </datafield>
</record>
